| 000 | 01855nam a2200289Ia 4500 | ||
|---|---|---|---|
| 999 |
_c55216 _d55216 |
||
| 001 | 22291 | ||
| 003 | GE_BSU | ||
| 005 | 20230227123251.0 | ||
| 008 | 181216s2012||||ge |||||||||||||| ||geo|| | ||
| 020 | _a9789941437083 | ||
| 040 | _cGE_BSU | ||
| 041 | _ageo | ||
| 080 | _a821.14'04.09-31 ა-47 | ||
| 100 |
_aალექსიძე, ალექსანდრე _917051 |
||
| 245 |
_aბერძნული სარაინდო რომანის სამყარო (XIII-XIV სს.) = Мир греческого рыцарского романа (XIII-XIV вв.) / _cალექსანდრე ალექსიძე ; რედ. რისმაგ გორდეზიანი. |
||
| 264 |
_aთბილისი : _bლოგოსი, _c2012. |
||
| 300 |
_a356 გვ. ; _c20 სმ. |
||
| 490 | _aპროგრამა "ლოგოსი" | ||
| 500 | _aპუბლიკაციები და ღონისძიებები კლასიკური ფილოლოგიის, ბიზანტინისტიკისა და ნეოგრეცისტიკის სფეროში | ||
| 541 | _h6 ლ. | ||
| 546 | _aრეზიუმე რუსულ ენაზე | ||
| 653 | _aბერძნული სარაინდო რომანი | ||
| 653 | _aბერძნული სარაინდო რომანის სამყარო (XIII-XIV სს.) = Мир греческого рыцарского романа (XIII-XIV вв.) | ||
| 700 |
_aგორდეზიანი, რისმაგ _917052 |
||
| 710 |
_aთსუ _bკლასიკური ფილოლოგიის, ბიზანტინისტიკისა და ნეოგრეცისტიკის ინსტიტუტ _917053 |
||
| 942 |
_cBK _2udc |
||